000
00324nam a2200157Ia 4500
100
_a
Khurmi/R.S
250
_a
18
942
_c
BK
654
_a
Materials
245
_a
Strength of Materials
260
_b
S. Chand & co.
_a
New Delhi
_c
1987
082
_a
620.112
_b
KHU
300
_a
991
546
_a
ENGLISH
999
_c
18213
_d
18213